Zakliate ovečky pod Rozsutcom (Record no. 21575)
[ view plain ]
| 000 -LEADER | |
|---|---|
| fixed length control field | 01410cam a2200421 a 4500 |
| 001 - CONTROL NUMBER | |
| control field | 21575 |
| 003 - CONTROL NUMBER IDENTIFIER | |
| control field | VRT |
| 005 - DATE AND TIME OF LATEST TRANSACTION | |
| control field | 20260305134247.0 |
| 008 - FIXED-LENGTH DATA ELEMENTS--GENERAL INFORMATION | |
| fixed length control field | 180813s1966 xo 000 f slo |
| 015 ## - NATIONAL BIBLIOGRAPHY NUMBER | |
| National bibliography number | SNBA1966/12-02474 |
| 035 ## - SYSTEM CONTROL NUMBER | |
| System control number | SK01SNK19660028742 |
| 035 ## - SYSTEM CONTROL NUMBER | |
| System control number | SKM000031205 |
| 039 #9 - LEVEL OF BIBLIOGRAPHIC CONTROL AND CODING DETAIL [OBSOLETE] | |
| Level of rules in bibliographic description | 202303230758 |
| Level of effort used to assign nonsubject heading access points | AUTHORITY |
| Level of effort used to assign subject headings | 202303230750 |
| Level of effort used to assign classification | AUTHORITY |
| Level of effort used to assign subject headings | 202105181958 |
| Level of effort used to assign classification | AUTHORITY |
| Level of effort used to assign subject headings | 202105181952 |
| Level of effort used to assign classification | AUTHORITY |
| 040 ## - CATALOGING SOURCE | |
| Original cataloging agency | SNK |
| Language of cataloging | slo |
| Transcribing agency | SNK |
| Description conventions | AACR2 |
| 041 1# - LANGUAGE CODE | |
| Language code of text/sound track or separate title | slo |
| 044 ## - COUNTRY OF PUBLISHING/PRODUCING ENTITY CODE | |
| MARC country code | xo |
| ISO country code | SK |
| 080 ## - UNIVERSAL DECIMAL CLASSIFICATION NUMBER | |
| Universal Decimal Classification number | 885.4-3(087.5) |
| Edition identifier | 1981 |
| 080 ## - UNIVERSAL DECIMAL CLASSIFICATION NUMBER | |
| Universal Decimal Classification number | 398.2((437.6)(087.5) |
| Edition identifier | 1981 |
| 100 1# - MAIN ENTRY--PERSONAL NAME | |
| Personal name | Habovštiak, Anton, |
| Dates associated with a name | 1924-2004 |
| Relationship | aut |
| 245 10 - TITLE STATEMENT | |
| Title | Zakliate ovečky pod Rozsutcom |
| Statement of responsibility, etc. | Anton Habovštiak ; ilustrácie Viera Bombová |
| 260 ## - PUBLICATION, DISTRIBUTION, ETC. | |
| Place of publication, distribution, etc. | Banská Bystrica |
| Name of publisher, distributor, etc. | Stredoslovenské vydavateľstvo |
| Date of publication, distribution, etc. | 1966 |
| Place of manufacture | Ružomberok |
| Manufacturer | Tlačiarne SNP |
| 300 ## - PHYSICAL DESCRIPTION | |
| Extent | 156, [3] s. |
| Other physical details | ilustr. |
| Dimensions | 8° |
| 366 ## - TRADE AVAILABILITY INFORMATION | |
| Note | 11000 výtl. |
| 490 1# - SERIES STATEMENT | |
| Series statement | Rozkvet |
| Volume/sequential designation | zv. 44 |
| 500 ## - GENERAL NOTE | |
| General note | Pozn. Frontispice |
| 651 07 - SUBJECT ADDED ENTRY--GEOGRAPHIC NAME | |
| Geographic name | Orava (Slovensko : región) |
| Source of heading or term | SNK |
| 655 #7 - INDEX TERM--GENRE/FORM | |
| Genre/form data or focus term | slovenské ľudové povesti |
| Source of term | SNKPH |
| 655 #7 - INDEX TERM--GENRE/FORM | |
| Genre/form data or focus term | publikácie pre deti |
| Source of term | SNKPH |
| 655 #7 - INDEX TERM--GENRE/FORM | |
| Genre/form data or focus term | slovenské povesti |
| Source of term | SNKPH |
| 700 1# - ADDED ENTRY--PERSONAL NAME | |
| Personal name | Bombová, Viera, |
| Dates associated with a name | 1932- |
| Relationship | ill |
| 830 #0 - SERIES ADDED ENTRY--UNIFORM TITLE | |
| Uniform title | Rozkvet |
| 910 ## - USER-OPTION DATA (OCLC) | |
| User-option data | kis3gmm |
| 942 ## - ADDED ENTRY ELEMENTS (KOHA) | |
| Source of classification or shelving scheme | Dewey Decimal Classification |
| Koha item type | Krásna literatúra pre deti |
| Suppress in OPAC | No |
| 949 ## - LOCAL PROCESSING INFORMATION (OCLC) | |
| 6 | 2889390057 |
| a | savukM 25256 |
| 949 ## - LOCAL PROCESSING INFORMATION (OCLC) | |
| 6 | 17A0323479 |
| 9 | P60, <05>, [BOOK], {605} |
| a | snkSD 30306 D1 |
| 949 ## - LOCAL PROCESSING INFORMATION (OCLC) | |
| 6 | 17A0822216 |
| a | snkSD 30306 |
| Stav vyradenia | Strata | Poškodenie | Spôsob nadobudnutia | Domovská knižnica | Aktuálna knižnica | Dátum nadobudnutia | Total checkouts | Čiarový kód exemplára | Date last seen | Typ exemplára |
|---|---|---|---|---|---|---|---|---|---|---|
| Dar | Obecná knižnica Horná Štubňa | Obecná knižnica Horná Štubňa | 05.03.2026 | 4736201641 | 05.03.2026 | Krásna literatúra pre deti |
